[Event "Sandnes CC-ch B"]
[Site "Sandnes"]
[Date "2017.03.14"]
[Round "4"]
[White "Hansen, Odd Rune"]
[Black "Snerthammer, Dag Frode"]
[Result "0-1"]
[WhiteElo "1248"]
[BlackElo "1534"]
[PlyCount "54"]
[EventDate "2017.02.07"]
[EventType "swiss"]
[EventRounds "7"]
[EventCountry "NOR"]
[SourceTitle "EXT 2024"]
[Source "ChessBase"]
[SourceDate "2023.10.10"]
[SourceVersion "1"]
[SourceVersionDate "2023.10.10"]
[SourceQuality "1"]

1. e4 e6 2. d4 Nf6 3. Bd3 d5 4. e5 Nfd7 5. c3 c5 6. Ne2 Nc6 7. 0-0 Qb6 8. Qb3 Qc7 9. Qd1 a6 10. f4 c4 11. Bc2 Qb6 12. Nd2 Be7 13. Nf3 f6 14. a4 fxe5 15. a5 Nxa5 16. fxe5 Nc6 17. Ba4 Qc7 18. Ng3 b5 19. Bxb5 Bb7 20. Ba4 0-0-0 21. Bc2 h6 22. Qe1 h5 23. Qe2 h4 24. Nh1 Rdg8 25. b3 Na5 26. Rb1 g5 27. Nd2 cxb3 0-1

[Event "Sandnes CC-ch B"]
[Site "Sandnes"]
[Date "2017.02.07"]
[Round "1"]
[White "Snerthammer, Dag Frode"]
[Black "Eliseev, Sergey1"]
[Result "1/2-1/2"]
[WhiteElo "1534"]
[BlackElo "1263"]
[PlyCount "135"]
[EventDate "2017.02.07"]
[EventType "swiss"]
[EventRounds "7"]
[EventCountry "NOR"]
[SourceTitle "EXT 2024"]
[Source "ChessBase"]
[SourceDate "2023.10.10"]
[SourceVersion "1"]
[SourceVersionDate "2023.10.10"]
[SourceQuality "1"]

1. e4 c5 2. Nc3 Nc6 3. Bb5 Nd4 4. Bc4 g6 5. Nf3 Bg7 6. Nxd4 cxd4 7. Nd5 e6 8. Nf4 Ne7 9. 0-0 0-0 10. d3 a6 11. a4 b6 12. b4 Bb7 13. Ba3 d5 14. exd5 Nxd5 15. Nxd5 Bxd5 16. b5 Re8 17. Bxd5 Qxd5 18. Qb1 axb5 19. axb5 Ra5 20. Bb4 Rxa1 21. Qxa1 Qxb5 22. Rb1 Qc6 23. Rb2 Ra8 24. Ra2 Rxa2 25. Qxa2 h6 26. g3 Kh7 27. Qb3 b5 28. Be7 Qc7 29. Bb4 Qa7 30. Bd2 Qa4 31. Qb2 Bf8 32. Kg2 h5 33. h4 Bd6 34. Qb1 e5 35. f3 f6 36. Kf2 b4 37. Qd1 Qa2 38. Kg2 Qb2 39. Kh3 Bc7 40. Bc1 Qb1 41. Qd2 Ba5 42. Qh6+ Kg8 43. Qxg6+ Kf8 44. Qxf6+ Kg8 45. Qg6+ Kf8 46. Bh6+ Ke7 47. Bg5+ Kd7 48. Qf7+ Kc6 49. Qc4+ Kd6 50. Qa6+ Kd7 51. Qb5+ Kd6 52. Qa6+ Kd7 53. Qb7+ Kd6 54. Qe7+ Kc6 55. Qe8+ Kd5 56. Qxh5 Qxc2 57. Qf7+ Kc5 58. Qa7+ Bb6 59. Be7+ Kb5 60. Qd7+ Ka5 61. Qd5+ Ka4 62. Qa8+ Ba5 63. Bd8 Qc5 64. h5 b3 65. Bxa5 Qxa5 66. Qc6+ Qb5 67. Qa8+ Qa5 68. Qc6+ 1/2-1/2

[Event "Sandnes CC-ch C"]
[Site "Sandnes"]
[Date "2016.??.??"]
[Round "4"]
[White "Hegre, Kjetil"]
[Black "Snerthammer, Dag Frode"]
[Result "1/2-1/2"]
[WhiteElo "1150"]
[BlackElo "1475"]
[PlyCount "163"]
[EventDate "2016.02.02"]
[EventType "tourn"]
[EventRounds "7"]
[EventCountry "NOR"]
[SourceTitle "EXT 2024"]
[Source "ChessBase"]
[SourceDate "2023.10.10"]
[SourceVersion "1"]
[SourceVersionDate "2023.10.10"]
[SourceQuality "1"]

1. d4 d5 2. c4 e6 3. Nf3 c5 4. cxd5 exd5 5. dxc5 Bxc5 6. e3 Nc6 7. Be2 Nge7 8. 0-0 h6 9. Nbd2 a5 10. Nb3 Bb6 11. Nbd4 0-0 12. b3 Bc5 13. Bb2 Na7 14. Rc1 b6 15. Ne5 Qd6 16. Nd3 Ba3 17. Bxa3 Qxa3 18. Qd2 Qd6 19. Nf4 Bb7 20. a4 Nac6 21. Nb5 Qe5 22. Bf3 Nb4 23. Rfe1 Rac8 24. Bg4 Rxc1 25. Rxc1 Rd8 26. h3 Nec6 27. Ne2 Qg5 28. Ned4 h5 29. Bf3 Ne5 30. Qe2 Bc8 31. Kh2 Nxf3+ 32. Qxf3 Qe5+ 33. Kg1 Bd7 34. Nc3 Qg5 35. Nce2 Nd3 36. Rd1 Nc5 37. Nf4 Be8 38. Nxh5 Rd6 39. Ng3 Rf6 40. Qh5 Qxh5 41. Nxh5 Rh6 42. Nf4 Rd6 43. f3 Bd7 44. g4 Bc8 45. Kf2 Ba6 46. Kg3 g5 47. Ng2 Rd8 48. h4 gxh4+ 49. Nxh4 Rc8 50. Nhf5 Rc7 51. Kh4 Ne6 52. g5 Nxd4 53. Nxd4 Rc3 54. Nf5 Bd3 55. Ne7+ Kg7 56. Nxd5 Rxb3 57. f4 Be4 58. Nf6 Rxe3 59. Rd8 Kg6 60. Re8 Kf5 61. Re7 Re1 62. Kg3 Re3+ 63. Kf2 Rf3+ 64. Ke2 Rxf4 65. Ke3 Bc2 66. Nd5 Rxa4 67. Nxb6 Ra1 68. Rxf7+ Kxg5 69. Kd2 Bf5 70. Kc3 Rb1 71. Na4 Rb4 72. Nb2 Be6 73. Ra7 Rb3+ 74. Kc2 Ra3 75. Kc1 Ra2 76. Ra6 Kf5 77. Kc2 Bd5 78. Kc3 Ra1 79. Kd4 Bb3 80. Kc3 a4 81. Kb4 Ra2 82. Nxa4 1/2-1/2

[Event "Sandnes Hast op"]
[Site "Sandnes"]
[Date "2014.09.02"]
[Round "2"]
[White "Narheim, Roar"]
[Black "Snerthammer, Dag Frode"]
[Result "0-1"]
[WhiteElo "666"]
[BlackElo "1319"]
[PlyCount "112"]
[EventDate "2014.09.02"]
[EventType "swiss"]
[EventRounds "7"]
[EventCountry "NOR"]
[SourceTitle "EXT 2017"]
[Source "ChessBase"]
[SourceDate "2016.10.25"]
[SourceVersion "1"]
[SourceVersionDate "2016.10.25"]
[SourceQuality "1"]

1. e4 d6 2. d4 Nf6 3. Nc3 g6 4. Nf3 Bg7 5. Bc4 c6 6. Bb3 b5 7. a3 Qb6 8. Be3 0-0 9. 0-0 Ba6 10. Re1 Ng4 11. Bg5 e5 12. Be7 exd4 13. Bxf8 dxc3 14. Bxd6 Qxf2+ 15. Kh1 Ne3 16. Qe2 Qxe2 17. Rxe2 cxb2 18. Rb1 Nc4 19. Bxc4 bxc4 20. Be5 f6 21. Bxb2 c3 22. Ree1 cxb2 23. Rxb2 Nd7 24. Nd4 f5 25. c3 c5 26. Ne2 Bxe2 27. Rexe2 Bxc3 28. Rbc2 Rb8 29. g3 Bd4 30. exf5 gxf5 31. Re7 Rd8 32. Rce2 a5 33. Re8+ Rxe8 34. Rxe8+ Kf7 35. Ra8 Bc3 36. Ra7 Ke6 37. Kg2 h6 38. Kf3 Ne5+ 39. Ke2 Nc4 40. Ra6+ Kd5 41. Rxh6 Nxa3 42. Kd3 Bb4 43. Rh8 c4+ 44. Ke2 c3 45. Rc8 Nc4 46. Kd1 Ne3+ 47. Ke2 Nc4 48. Kd1 Ne5 49. h4 Ng4 50. Kc2 Ke4 51. Rc4+ Kf3 52. h5 Ne3+ 53. Kb3 Nxc4 54. h6 Ne5 55. h7 Ng6 56. Kc2 Kxg3 0-1

[Event "NOR-chT 0506"]
[Site "Norway"]
[Date "2005.12.04"]
[Round "2"]
[White "Fintland, Kjartan Aanestad"]
[Black "Snerthammer, Dag Frode"]
[Result "1/2-1/2"]
[WhiteElo "1274"]
[BlackElo "1245"]
[PlyCount "73"]
[EventDate "2005.11.01"]
[EventType "team-tourn"]
[EventRounds "2"]
[EventCountry "NOR"]
[SourceTitle "CBM 109 Extra"]
[Source "ChessBase"]
[SourceDate "2006.01.03"]
[SourceVersion "2"]
[SourceVersionDate "2006.01.03"]
[SourceQuality "1"]

1. e4 c5 2. Nf3 d6 3. d4 cxd4 4. Nxd4 g6 5. Nc3 Bg7 6. Be3 Nf6 7. f3 Nc6 8. Bc4 0-0 9. Qd2 a6 10. 0-0-0 Ne5 11. Bb3 b5 12. g4 Nc4 13. Bxc4 bxc4 14. Bh6 Qb6 15. Bxg7 Kxg7 16. Nd5 Nxd5 17. exd5 Rb8 18. Qc3 Kg8 19. Rhg1 Qb4 20. Qxb4 Rxb4 21. Nc6 Rb7 22. Rd4 e6 23. c3 Bd7 24. Na5 Rb5 25. Nxc4 Rfb8 26. dxe6 Bxe6 27. b3 Rc5 28. Rgd1 d5 29. Ne3 Rxc3+ 30. Kd2 Rbc8 31. Ke2 Re8 32. Kf2 Rd8 33. R1d2 Rd6 34. Nxd5 Rxd5 35. Rxd5 Bxd5 36. Rxd5 Rc2+ 37. Kg3 1/2-1/2